| 000 | 00685cam a22002292i 4500 | ||
|---|---|---|---|
| 001 | CIP113017563 | ||
| 003 | yeezen | ||
| 005 | 20250703153352.0 | ||
| 008 | 241111s2025 ch e 000 0 chi d | ||
| 020 |
_a9789861948126 _q(平裝) |
||
| 040 |
_aCIP _bchi |
||
| 042 | _anbic | ||
| 084 |
_a419.812 _2ncsclt |
||
| 090 | _a419.812 | ||
| 245 | 1 | 0 |
_a護理診斷: 定義與分類20242026 _cNANDA International, Inc.作;莊琬筌譯 |
| 250 | _a十版 | ||
| 260 |
_a臺北市 : _b華杏, _c2024.12. |
||
| 300 |
_a面 ; _c公分 |
||
| 440 | _a= NANDA International nursing diagnoses: definitions and classification 2024-2026 / | ||
| 650 | 7 |
_2lcstt _a護理診斷 |
|
| 942 |
_2ccl _cLNTERM |
||
| 999 |
_c7652 _d7652 |
||